Analiza barier rozwoju działalności innowacyjnej w rejonie Wschodniej Słowacji

Gespeichert in:
Bibliographische Detailangaben
1. Verfasser: Pudło, Patrycja
Weitere Verfasser: Pešáková, Petra, 1984-
Format: Buchkapitel
Sprache:Polnisch
Schlagworte:
Tags: Tag hinzufügen
Keine Tags, Fügen Sie das erste Tag hinzu!

MARC

LEADER 00000naa a2200000 4500
001 0143654
005 20240711103714.9
041 0 |a pol 
044 |a PL 
245 1 0 |a Analiza barier rozwoju działalności innowacyjnej w rejonie Wschodniej Słowacji  |c Patrycja Pudło, Petra Pešáková 
610 2 0 |a inovácia 
610 2 0 |a regióny 
610 2 0 |a kraje 
610 2 0 |a firmy 
610 2 0 |a financie 
610 2 0 |a financovanie 
610 2 0 |a konkurencieschopnosť 
610 2 0 |a analýzy 
610 2 0 |a Slovensko 
100 1 |a Pudło, Patrycja 
700 1 |a Pešáková, Petra, 1984-